00920nam a2200253Ia 450000500170000000800410001702000180005808200170007610000280009324501160012125000180023730000250025549000110028065000640029165000690035565000330042465000300045770000230048726400330051033600270054333700330057033800280060304000350063120220317001527.0161108s2014 a g 000 0 s  a978987670210204a864.64bS25v1 aSemprún, Jorged1923-10aVivir es resistirbtres conferencias y una conversacióncJorge Semprún ; traducción de Javier Albiñana a1a. edición a197 páginasc22 cm aEnsayo142LEMBaCampos de concentraciónvEnsayos, Conferencias, Etc142LEMBaAlemaniavEnsayos, Conferencias, EtcxHistoria - 1933-1945142LEMBaEscritores españoles142LEMBaEnsayos españoles1 aAlbiñana, Javier aBuenos AiresbTusquetsc2014 atextobtxt2rdacontent asin mediaciónbn2rdamedia avolumenbnc2rdacarrier aCO-BoRNBPbspaerdacCO-BoRNBP